000 00454nam a2200145 a 4500
001 000039021
005 20201002031448.0
008 130513s2012 dr 000 0 spa d
020 _a9789945480030
040 _aDO-SdBNP
_bspa
_cBNPHU
100 1 _aPacheco, Juan Rafael
_d1936-
_933543
245 1 0 _aDescúbrete :
_bhistoria y cuentos para ser feliz /
_cJuan Rafael Pacheco.
260 _aSanto Domingo :
_bEditora Búho,
_c2012.
300 _a236 p. ;
_c24 cm.
999 _c38511
_d38511